| 000 | 00930nas a2200301 4500 | ||
|---|---|---|---|
| 001 | BR0702619 | ||
| 003 | BR-BrBNA | ||
| 005 | 20231205110811.0 | ||
| 007 | ta | ||
| 008 | 230509b bl.|||p| |||| 00| 00por d | ||
| 040 |
_aBR-BrBNA _bpor _cBiblioteca Nacional de Agricultura |
||
| 041 | _a(Pt) | ||
| 072 | _aP34 | ||
| 100 | 1 | _aBergamaschi, C. | |
| 100 | 1 | _aRoesch, L.F.W. | |
| 100 | 1 | _aQuadros, P.D. de | |
| 100 | 1 | _aCamargo, F.A. de O. | |
| 245 | 1 | _aOcorrência de bactérias diazotróficas associadas a cultivares de sorgo forrageiro | |
| 650 | _aSORGO FORRAGEIRO | ||
| 650 | _aVARIEDADE | ||
| 650 | _aFIXAÇÃO DE NITROGÊNIO | ||
| 650 | _aÁCIDO INDOLACÉTICO | ||
| 650 | _aABSORÇÃO DE NUTRIENTES | ||
| 650 | _aANÁLISE QUANTITATIVA | ||
| 773 | 0 |
_tCiência Rural (Brazil) _xISSN 0103-8478 _g(May-Jun 2007), v. 37(3) p. 727-722 _wBR0702619 |
|
| 909 |
_a202311 _bLúcia _c55 _dLúcia Elande |
||
| 942 |
_2AGRIS _n0 _cANA |
||
| 999 |
_c189128 _d189128 |
||